Geography Quiz

Random Geography or Blitz Quiz

Tall US States (Blitz) Quiz Stats

 Plays Quiz not verified by Sporcle

Support Sporcle.
Go Orange.
Score 0/38 Timer 02:00
0 Plays Today
US State % Correct
california
95.1%
florida
86.4%
north dakota
86.4%
new hampshire
85.2%
south dakota
84%
north carolina
82.7%
south carolina
81.5%
illinois
80.2%
alabama
79%
washington
79%
kentucky
76.5%
colorado
75.3%
texas
75.3%
idaho
74.1%
montana
74.1%
rhode island
74.1%
alaska
72.8%
arkansas
71.6%
ohio
71.6%
US State % Correct
minnesota
70.4%
tennessee
70.4%
vermont
70.4%
nebraska
69.1%
new york
69.1%
utah
69.1%
connecticut
67.9%
indiana
67.9%
kansas
66.7%
louisiana
66.7%
oklahoma
66.7%
pennsylvania
66.7%
delaware
65.4%
maryland
65.4%
massachusetts
65.4%
michigan
65.4%
hawaii
59.3%
west virginia
55.6%
nevada
49.4%

You're not logged in!

Compare scores with friends on all Sporcle quizzes.
OR
Log In

From the Vault

Most Seasons on SNL

by Ben

You have to wonder, did some of these actors do Saturday Night Live for so long because they wanted to, or because they had to?
Remove Ads.
Support Sporcle.
Get the best of Sporcle when you Go Orange. This ad-free experience offers more features, more stats, and more fun while also helping to support Sporcle. Thank you for becoming a member.

Show Comments

Extras

Top Quizzes Today


Score Distribution

Your Account Isn't Verified!

In order to create a playlist on Sporcle, you need to verify the email address you used during registration. Go to your Sporcle Settings to finish the process.

Report this User

Report this user for behavior that violates our Community Guidelines.

Details: